[Event "European Women-ch 2023"]
[Site "Petrovac"]
[Date "2023.03.18"]
[Round "1.15"]
[White "Vega Gutierrez, Sabrina"]
[Black "Abdinova, Narmin"]
[Result "1-0"]
[WhiteElo "2361"]
[BlackElo "2090"]
[Annotator "TA"]
[PlyCount "52"]
[EventDate "2023.03.15"]
[EventType "swiss"]
[EventCountry "MNE"]
[SourceTitle "playchess.com"]
[Source "ChessBase"]
[SourceQuality "1"]

1. e4 c5 2. Nf3 d6 3. d4 cxd4 4. Nxd4 Nf6 5. Nc3 a6 6. Bd3 e6 7. f4 Be7 8. Qf3 Nbd7 9. g4 h6 10. Be3 Nc5 11. O-O-O Nfd7 12. Be2 O-O 13. b4 Qc7 14. bxc5 dxc5 15. Nf5 Bf6 16. e5 Nxe5 17. fxe5 Bxe5 18. Nxh6+ gxh6 19. Bxh6 Qa5 20. Nb1 Re8 21. Rhf1 Qc7 22. Bd3 c4 23. Be4 f6 24. Qh3 Qb6 25. c3 Qc7 26. Qh5 Qe7 1-0

[Event "European Women-ch 2023"]
[Site "Petrovac"]
[Date "2023.03.18"]
[Round "1.15"]
[White "Eric, Jovana"]
[Black "Silva, Ana Ines Teixeira Da"]
[Result "1-0"]
[WhiteElo "2230"]
[BlackElo "1792"]
[Annotator "TA"]
[PlyCount "105"]
[EventDate "2023.03.15"]
[EventType "swiss"]
[EventCountry "MNE"]
[SourceTitle "playchess.com"]
[Source "ChessBase"]
[SourceQuality "1"]

1. e4 e5 2. Nf3 Nc6 3. Bc4 Nf6 4. d3 Bc5 5. Nc3 a6 6. Bg5 h6 7. Bxf6 Qxf6 8. Nd5 Qd8 9. c3 d6 10. d4 Ba7 11. h3 O-O 12. O-O Re8 13. Re1 Be6 14. Bf1 exd4 15. c4 Ne5 16. Nxd4 Bxh3 17. Ne3 Bxd4 18. Qxd4 Qg5 19. Qd1 Re6 20. Nd5 Rg6 21. f4 Qh4 22. fxe5 dxe5 23. Re3 Bg4 24. Qe1 Qd8 25. Be2 c6 26. Bxg4 Rxg4 27. Nc3 Qg5 28. Re2 Rd8 29. Rd1 Rd4 30. b3 h5 31. Qf2 c5 32. Rxd4 exd4 33. Nd5 d3 34. Re1 Rg3 35. Ne7+ Kh8 36. Nf5 Rg4 37. Nd6 Qe7 38. e5 h4 39. Qf3 d2 40. Rd1 Rg3 41. Qh5+ Kg8 42. Nf5 Qd8 43. Nxg3 hxg3 44. Qf3 Qd4+ 45. Kf1 b5 46. cxb5 axb5 47. Ke2 c4 48. Rxd2 Qxe5+ 49. Kf1 c3 50. Rd8+ Kh7 51. Rd5 Qe8 52. Qxc3 Qe6 53. Qd3+ 1-0

[Event "European Women-ch 2023"]
[Site "Petrovac"]
[Date "2023.03.18"]
[Round "1.16"]
[White "Hapala, Elisabeth"]
[Black "Mammadova, Gulnar"]
[Result "0-1"]
[WhiteElo "2072"]
[BlackElo "2358"]
[Annotator "TA"]
[PlyCount "84"]
[EventDate "2023.03.15"]
[EventType "swiss"]
[EventCountry "MNE"]
[SourceTitle "playchess.com"]
[Source "ChessBase"]
[SourceQuality "1"]

1. e4 e6 2. d4 d5 3. Nd2 c5 4. exd5 Qxd5 5. Ngf3 cxd4 6. Bc4 Qd7 7. O-O Nc6 8. Nb3 a6 9. Nbxd4 Nxd4 10. Nxd4 Bc5 11. Be3 Nf6 12. c3 O-O 13. Qf3 Qc7 14. Bb3 e5 15. Nf5 e4 16. Qg3 Qxg3 17. Nxg3 Bxe3 18. fxe3 Bd7 19. Rad1 Bb5 20. c4 Bc6 21. Nf5 Rfe8 22. Rd4 Re5 23. Nd6 Rf8 24. h3 h6 25. Rf4 Ne8 26. Nxe4 g5 27. Nf6+ Nxf6 28. Rxf6 Kg7 29. Rdd6 Rxe3 30. c5 Re5 31. Rxh6 f6 32. Rh5 Be8 33. g4 Rxc5 34. h4 Bxh5 35. gxh5 gxh4 36. Rd7+ Kh6 37. Rxb7 Rxh5 38. Ra7 a5 39. Kh2 Rd8 40. Kh3 Rd3+ 41. Kg4 Rd4+ 42. Kh3 Re5 0-1

[Event "European Women-ch 2023"]
[Site "Petrovac"]
[Date "2023.03.18"]
[Round "1.16"]
[White "Zhezhovska, Monika"]
[Black "Mamedjarova, Turkan"]
[Result "0-1"]
[WhiteElo "1761"]
[BlackElo "2229"]
[Annotator "TA"]
[PlyCount "42"]
[EventDate "2023.03.15"]
[EventType "swiss"]
[EventCountry "MNE"]
[SourceTitle "playchess.com"]
[Source "ChessBase"]
[SourceQuality "1"]

1. d4 d5 2. c4 e6 3. Nc3 Nf6 4. Bg5 Be7 5. e3 O-O 6. Nf3 Nbd7 7. Qc2 c6 8. cxd5 exd5 9. Bd3 Re8 10. O-O Nf8 11. Ne5 Ng4 12. Bxe7 Qxe7 13. Nxg4 Bxg4 14. Rae1 Qg5 15. f3 Bd7 16. Qf2 f5 17. e4 f4 18. b3 Kh8 19. Kh1 Re6 20. Rg1 Qh5 21. e5 Qxh2+ 0-1

[Event "European Women-ch 2023"]
[Site "Petrovac"]
[Date "2023.03.18"]
[Round "1.17"]
[White "Tsolakidou, Stavroula"]
[Black "Slaba, Andrea"]
[Result "1-0"]
[WhiteElo "2358"]
[BlackElo "2061"]
[Annotator "TA"]
[PlyCount "75"]
[EventDate "2023.03.15"]
[EventType "swiss"]
[EventCountry "MNE"]
[SourceTitle "playchess.com"]
[Source "ChessBase"]
[SourceQuality "1"]

1. e4 c6 2. d4 d5 3. e5 c5 4. Nf3 Nc6 5. dxc5 e6 6. Be3 Nh6 7. c3 Nf5 8. Bd4 f6 9. Bb5 Bd7 10. Bxc6 Bxc6 11. O-O Be7 12. Re1 Bd7 13. exf6 gxf6 14. b4 O-O 15. Na3 a5 16. Nc2 axb4 17. cxb4 Nxd4 18. Qxd4 Qe8 19. Ne3 Qf7 20. Qd3 Kh8 21. Re2 Qg7 22. Rae1 Rg8 23. g3 Rae8 24. Nd4 Bd8 25. b5 e5 26. c6 bxc6 27. bxc6 Bc8 28. Nxd5 Ba5 29. Rc1 exd4 30. Rxe8 Rxe8 31. Qxd4 f5 32. Qc5 Bd2 33. Rd1 Bg5 34. c7 f4 35. Nb6 fxg3 36. hxg3 Be3 37. Qxe3 Rxe3 38. Rd8+ 1-0

[Event "European Women-ch 2023"]
[Site "Petrovac"]
[Date "2023.03.18"]
[Round "1.17"]
[White "Gueci, Tea"]
[Black "Golsta, Ramona"]
[Result "1/2-1/2"]
[WhiteElo "2227"]
[BlackElo "1760"]
[Annotator "TA"]
[PlyCount "86"]
[EventDate "2023.03.15"]
[EventType "swiss"]
[EventCountry "MNE"]
[SourceTitle "playchess.com"]
[Source "ChessBase"]
[SourceQuality "1"]

1. e4 c5 2. Nf3 Nc6 3. Bb5 d6 4. O-O Bd7 5. Re1 Nf6 6. c3 a6 7. Bf1 Bg4 8. h3 Bxf3 9. Qxf3 e6 10. d3 Be7 11. Qg3 O-O 12. Nd2 d5 13. e5 Ne8 14. Nf3 f6 15. exf6 Rxf6 16. h4 Nd6 17. Qh3 Qd7 18. Bg5 Rf5 19. g4 Rf7 20. Bg2 Raf8 21. Re2 Ne8 22. Rae1 Nc7 23. Bxe7 Rxe7 24. Qg3 Ref7 25. g5 Rf4 26. Nh2 Qf7 27. Ng4 Kh8 28. f3 b5 29. Nf6 Rf5 30. Bh3 gxf6 31. Bxf5 exf5 32. Qd6 Ne5 33. Rf1 Rc8 34. f4 Ng4 35. Re7 Qh5 36. Rxc7 Rg8 37. Qxd5 Qxh4 38. Qg2 Ne3 39. Qf3 Nxf1 40. Kxf1 fxg5 41. Qe3 Qxf4+ 42. Qxf4 gxf4 43. Rxc5 f3 1/2-1/2

[Event "European Women-ch 2023"]
[Site "Petrovac"]
[Date "2023.03.18"]
[Round "1.18"]
[White "Valkova, Angelika"]
[Black "Cyfka, Karina"]
[Result "0-1"]
[WhiteElo "2055"]
[BlackElo "2350"]
[Annotator "TA"]
[PlyCount "184"]
[EventDate "2023.03.15"]
[EventType "swiss"]
[EventCountry "MNE"]
[SourceTitle "playchess.com"]
[Source "ChessBase"]
[SourceQuality "1"]

1. d4 Nf6 2. c4 e6 3. Nc3 Bb4 4. Qb3 c5 5. dxc5 Nc6 6. Nf3 Ne4 7. Bd2 Nxd2 8. Nxd2 O-O 9. g3 Bxc5 10. Bg2 a6 11. O-O Be7 12. Rac1 Rb8 13. a4 b6 14. Qd1 Bb7 15. e4 d6 16. Nf3 Bf6 17. Rc2 Qe7 18. Re1 Rfd8 19. Qe2 Nb4 20. Rcc1 Rbc8 21. b3 Qc7 22. Na2 Nc6 23. Nc3 Na5 24. Nd2 Qc5 25. Kh1 Qb4 26. Qe3 Nc6 27. f4 Qc5 28. Nf3 Na5 29. Nd2 Bd4 30. Qd3 Nc6 31. Nf3 Bf6 32. Qe3 Nb4 33. h3 d5 34. exd5 Qxe3 35. Rxe3 exd5 36. Ne5 Rc7 37. Re2 Bxe5 38. fxe5 dxc4 39. Bxb7 Rxb7 40. bxc4 Rc7 41. Na2 Nd3 42. Rb1 Rxc4 43. Rxb6 Rxa4 44. Rd6 Rd4 45. Rxa6 Nc5 46. Rd6 R8xd6 47. exd6 Ne4 48. Kg2 Nxd6 49. Nc3 h5 50. h4 g6 51. Rf2 Nf5 52. Ne2 Rd3 53. Rf3 Rd2 54. Kf1 Kg7 55. Ra3 Nh6 56. Ke1 Rb2 57. Rd3 Ng4 58. Rc3 Ne5 59. Kf2 Kf6 60. Ke3 Kf5 61. Rc5 f6 62. Ra5 Kg4 63. Ra4+ Kh3 64. Ra6 Ng4+ 65. Kd3 Rxe2 66. Kxe2 Kxg3 67. Ra4 Kxh4 68. Kf3 Kg5 69. Kg3 f5 70. Rb4 Nf6 71. Kh3 Ne4 72. Rb6 h4 73. Rb4 Kh5 74. Rb5 Ng5+ 75. Kh2 Kg4 76. Rb4+ f4 77. Kg2 Nf3 78. Rb3 h3+ 79. Kh1 g5 80. Rb4 Ne5 81. Re4 Nd3 82. Rd4 Nf2+ 83. Kh2 Kh4 84. Rd8 Ng4+ 85. Kh1 Kg3 86. Rh8 Nf2+ 87. Kg1 g4 88. Rh7 f3 89. Rh8 Ne4 90. Kh1 Kf2 91. Ra8 Ke2 92. Re8 f2 0-1

[Event "European Women-ch 2023"]
[Site "Petrovac"]
[Date "2023.03.18"]
[Round "1.18"]
[White "Goriachkina, Oksana"]
[Black "Abdulla, Khayala"]
[Result "1/2-1/2"]
[WhiteElo "1759"]
[BlackElo "2221"]
[Annotator "TA"]
[PlyCount "99"]
[EventDate "2023.03.15"]
[EventType "swiss"]
[EventCountry "MNE"]
[SourceTitle "playchess.com"]
[Source "ChessBase"]
[SourceQuality "1"]

1. d4 Nf6 2. c4 e6 3. Nf3 d5 4. Nc3 dxc4 5. e3 a6 6. a4 c5 7. Bxc4 Nc6 8. O-O Be7 9. Qe2 O-O 10. Rd1 Qc7 11. d5 exd5 12. Nxd5 Nxd5 13. Bxd5 Bf6 14. e4 Bg4 15. Be3 Nd4 16. Bxd4 Bxd4 17. Rab1 Rad8 18. b4 Rd6 19. bxc5 Qxc5 20. Rxd4 Bxf3 21. Qc4 Qxc4 22. Rxc4 Rg6 23. g3 b5 24. axb5 axb5 25. Rc5 Rb6 26. Rb3 Be2 27. Rb2 Bf3 28. Rb3 Be2 29. Rb2 Bf3 30. Rbxb5 Rxb5 31. Rxb5 Rc8 32. Bc6 g6 33. Rb3 Bg4 34. Bb7 Rb8 35. Bd5 Rxb3 36. Bxb3 Bf3 37. Bc2 Kg7 38. e5 f6 39. exf6+ Kxf6 40. Bd3 h6 41. Bf1 g5 42. Bg2 Be2 43. f3 Bb5 44. Kf2 Ba6 45. Ke3 Bc8 46. Bf1 Bb7 47. Bd3 Bc6 48. Be4 Ba4 49. f4 Bd1 50. Bf3 1/2-1/2

[Event "European Women-ch 2023"]
[Site "Petrovac"]
[Date "2023.03.18"]
[Round "1.19"]
[White "Gaponenko, Inna"]
[Black "Dylag, Emilia"]
[Result "1/2-1/2"]
[WhiteElo "2349"]
[BlackElo "2052"]
[Annotator "TA"]
[PlyCount "95"]
[EventDate "2023.03.15"]
[EventType "swiss"]
[EventCountry "MNE"]
[SourceTitle "playchess.com"]
[Source "ChessBase"]
[SourceQuality "1"]

1. e4 e5 2. Nf3 Nc6 3. Bb5 a6 4. Ba4 Nf6 5. O-O Be7 6. Bxc6 dxc6 7. d3 Bg4 8. h3 Bxf3 9. Qxf3 Qd6 10. Nd2 Qe6 11. Nc4 O-O-O 12. Bd2 Nd7 13. b4 b6 14. a4 Kb7 15. Rfb1 Ra8 16. Qg4 Qxg4 17. hxg4 f6 18. g3 h5 19. gxh5 Rxh5 20. Kg2 Rah8 21. Ne3 Rh2+ 22. Kf3 g6 23. Bc3 Nf8 24. Ng4 R2h5 25. Bd2 Ne6 26. c3 Bd6 27. Ne3 f5 28. exf5 gxf5 29. Nc4 f4 30. gxf4 Nxf4 31. Bxf4 Rf5 32. Rh1 Rxf4+ 33. Ke2 Rhf8 34. Raf1 e4 35. Nxd6+ cxd6 36. Rh7+ Kb8 37. dxe4 Rxe4+ 38. Kd3 Ref4 39. Rg1 Rf3+ 40. Kc4 d5+ 41. Kb3 d4 42. Rgg7 Rxc3+ 43. Kb2 Rxf2+ 44. Kb1 Rf1+ 45. Kb2 Rf2+ 46. Kb1 Rf1+ 47. Kb2 Rf2+ 48. Kb1 1/2-1/2

[Event "European Women-ch 2023"]
[Site "Petrovac"]
[Date "2023.03.18"]
[Round "1.19"]
[White "Sieber, Fiona"]
[Black "Gamal, Alaa"]
[Result "1-0"]
[WhiteElo "2217"]
[BlackElo "1748"]
[Annotator "TA"]
[PlyCount "95"]
[EventDate "2023.03.15"]
[EventType "swiss"]
[EventCountry "MNE"]
[SourceTitle "playchess.com"]
[Source "ChessBase"]
[SourceQuality "1"]

1. e4 e5 2. Nf3 Nf6 3. Nxe5 d6 4. Nf3 Nxe4 5. Bd3 d5 6. O-O Be7 7. c3 O-O 8. Qe2 Bf5 9. Bc2 Ng3 10. fxg3 Bxc2 11. d4 Ba4 12. c4 dxc4 13. Nc3 Bd7 14. Bf4 c6 15. d5 Bc5+ 16. Kh1 b5 17. Rad1 Re8 18. Qc2 Qc8 19. Rfe1 Na6 20. Ne5 Nb4 21. Qd2 Nxd5 22. Nxd5 cxd5 23. Qxd5 Be6 24. Qe4 Qa6 25. Nf3 Qc8 26. Be5 Bf5 27. Qf4 Bb4 28. Bc3 Rxe1+ 29. Rxe1 Bxc3 30. bxc3 Bg6 31. Nd4 Qd7 32. Qe5 a6 33. a3 f6 34. Qc5 Re8 35. Rxe8+ Qxe8 36. h3 Be4 37. Kh2 Qa8 38. Qe7 Bg6 39. Qd7 Bf7 40. Nf5 Qe8 41. Qb7 g6 42. Nd6 Qe6 43. Qxa6 Be8 44. Qb6 f5 45. Qd8 Kf8 46. Nxb5 Kg7 47. Nc7 Qd7 48. Nxe8+ 1-0

[Event "European Women-ch 2023"]
[Site "Petrovac"]
[Date "2023.03.18"]
[Round "1.20"]
[White "Walter, Ema"]
[Black "Brunello, Marina"]
[Result "0-1"]
[WhiteElo "2048"]
[BlackElo "2346"]
[Annotator "TA"]
[PlyCount "56"]
[EventDate "2023.03.15"]
[EventType "swiss"]
[EventCountry "MNE"]
[SourceTitle "playchess.com"]
[Source "ChessBase"]
[SourceQuality "1"]

1. e4 c5 2. Nf3 d6 3. Nc3 Nf6 4. e5 dxe5 5. Nxe5 a6 6. g3 Qd6 7. Nf3 b5 8. a3 Bb7 9. Bg2 e6 10. d3 Qb6 11. Qe2 Be7 12. Bf4 Nc6 13. Ne4 O-O 14. O-O Nd4 15. Nxd4 cxd4 16. Nxf6+ Bxf6 17. Bxb7 Qxb7 18. Qe4 Qb6 19. g4 Qc5 20. g5 Bxg5 21. b4 Qe7 22. Qxd4 Rfd8 23. Qe4 Bxf4 24. Qxf4 Rac8 25. Qd2 Qf6 26. a4 Qf3 27. Rfe1 Rd4 28. Re4 Qxe4 0-1

[Event "European Women-ch 2023"]
[Site "Petrovac"]
[Date "2023.03.18"]
[Round "1.20"]
[White "Humbatova, Nazli"]
[Black "Gajcin, Marina"]
[Result "0-1"]
[WhiteElo "1737"]
[BlackElo "2215"]
[Annotator "TA"]
[PlyCount "74"]
[EventDate "2023.03.15"]
[EventType "swiss"]
[EventCountry "MNE"]
[SourceTitle "playchess.com"]
[Source "ChessBase"]
[SourceQuality "1"]

1. e4 c5 2. Nf3 Nc6 3. d4 cxd4 4. Nxd4 Nf6 5. Nc3 e5 6. Ndb5 d6 7. Bg5 a6 8. Bxf6 gxf6 9. Na3 b5 10. Nd5 Bg7 11. c3 f5 12. exf5 Bxf5 13. Qf3 Bd7 14. Qg3 O-O 15. Nc2 f5 16. O-O-O Kh8 17. Qd3 Ra7 18. Qd2 Be6 19. Be2 Rd7 20. Kb1 Bxd5 21. Qxd5 Ne7 22. Qb3 d5 23. g3 Nc6 24. a4 Na5 25. Qa2 Nc4 26. b3 Na5 27. axb5 axb5 28. Bxb5 Rb7 29. c4 Qa8 30. Rxd5 Rxb5 31. Rhd1 Rxb3+ 32. Kc1 Bh6+ 33. f4 exf4 34. Qa1+ Bg7 35. Qxa5 Bb2+ 36. Kd2 Qxa5+ 37. Rxa5 Bc3+ 0-1

[Event "European Women-ch 2023"]
[Site "Petrovac"]
[Date "2023.03.18"]
[Round "1.21"]
[White "Savina, Anastasia"]
[Black "Koljevic, Nikolina"]
[Result "1-0"]
[WhiteElo "2345"]
[BlackElo "2042"]
[Annotator "TA"]
[PlyCount "51"]
[EventDate "2023.03.15"]
[EventType "swiss"]
[EventCountry "MNE"]
[SourceTitle "playchess.com"]
[Source "ChessBase"]
[SourceQuality "1"]

1. d4 Nf6 2. c4 e6 3. Nc3 Bb4 4. e3 d5 5. Bd2 O-O 6. Nf3 Nbd7 7. Rc1 c6 8. Bd3 Qe7 9. O-O dxc4 10. Bxc4 e5 11. Qc2 Bd6 12. h3 h6 13. Bb3 e4 14. Nh4 Re8 15. Nf5 Qf8 16. f3 exf3 17. Rxf3 Bb8 18. e4 c5 19. e5 cxd4 20. exf6 dxc3 21. fxg7 Qc5+ 22. Be3 Rxe3 23. Nxh6+ Kxg7 24. Rxf7+ Kxh6 25. Qh7+ Kg5 26. h4+ 1-0

[Event "European Women-ch 2023"]
[Site "Petrovac"]
[Date "2023.03.18"]
[Round "1.21"]
[White "Rudzinska, Michalina"]
[Black "Huseynova, Lala"]
[Result "1-0"]
[WhiteElo "2212"]
[BlackElo "1694"]
[Annotator "TA"]
[PlyCount "113"]
[EventDate "2023.03.15"]
[EventType "swiss"]
[EventCountry "MNE"]
[SourceTitle "playchess.com"]
[Source "ChessBase"]
[SourceQuality "1"]

1. e4 c5 2. Nf3 d6 3. d4 cxd4 4. Nxd4 Nf6 5. Nc3 a6 6. Be2 e5 7. Nb3 Be7 8. O-O Be6 9. Qd3 Nbd7 10. Nd5 Bxd5 11. exd5 O-O 12. Bd2 Rc8 13. c4 Nc5 14. Nxc5 dxc5 15. Rfe1 Bd6 16. Bg5 Re8 17. Bf3 b6 18. Rad1 Qe7 19. Re3 Rcd8 20. Qf5 Qd7 21. Qxd7 Rxd7 22. Bxf6 gxf6 23. Be4 Bf8 24. Ra3 a5 25. Rdd3 Bg7 26. Rdb3 Rd6 27. Rb5 Ra8 28. Bf5 Ra6 29. Rab3 a4 30. Ra3 Bh6 31. Bc2 Bd2 32. Kf1 Kg7 33. Ke2 Bg5 34. Kf3 h5 35. Ke4 Kg6 36. g3 Rd8 37. Rxa4 Rxa4 38. Bxa4 Rd6 39. Rb3 Bh6 40. Bc6 Bg7 41. Rxb6 f5+ 42. Ke3 f4+ 43. Ke2 fxg3 44. hxg3 e4 45. a4 Bd4 46. a5 Rf6 47. Be8 Rxb6 48. axb6 Kf6 49. b7 Be5 50. Ke3 Ke7 51. Kxe4 Bb8 52. Ba4 Kf6 53. Bd1 Kg5 54. d6 Bxd6 55. Kd5 Bb8 56. Kxc5 Kf6 57. Bxh5 1-0

[Event "European Women-ch 2023"]
[Site "Petrovac"]
[Date "2023.03.18"]
[Round "1.22"]
[White "Aydin, Gulenay"]
[Black "Daulyte-Cornette, Deimante"]
[Result "1/2-1/2"]
[WhiteElo "2039"]
[BlackElo "2344"]
[Annotator "TA"]
[PlyCount "59"]
[EventDate "2023.03.15"]
[EventType "swiss"]
[EventCountry "MNE"]
[SourceTitle "playchess.com"]
[Source "ChessBase"]
[SourceQuality "1"]

1. e4 e5 2. Nf3 Nc6 3. Nc3 Nf6 4. d4 exd4 5. Nxd4 Bc5 6. Be3 Bb6 7. Qd2 O-O 8. O-O-O Re8 9. f3 d5 10. exd5 Nxd5 11. Bg5 Nde7 12. Nxc6 Qxd2+ 13. Bxd2 Nxc6 14. Nd5 Bf5 15. Bb5 a6 16. Bxc6 bxc6 17. Nxb6 cxb6 18. Rhe1 Be6 19. Be3 b5 20. Bc5 a5 21. b3 a4 22. Kb2 h6 23. Rd4 axb3 24. axb3 Bd5 25. Rdd1 Kh7 26. Kc3 Kg6 27. Bf2 h5 28. Rxe8 Rxe8 29. Re1 Rxe1 30. Bxe1 1/2-1/2

[Event "European Women-ch 2023"]
[Site "Petrovac"]
[Date "2023.03.18"]
[Round "1.23"]
[White "Heinemann, Josefine"]
[Black "Skvortsova, Alena"]
[Result "1-0"]
[WhiteElo "2343"]
[BlackElo "2032"]
[Annotator "TA"]
[PlyCount "49"]
[EventDate "2023.03.15"]
[EventType "swiss"]
[EventCountry "MNE"]
[SourceTitle "playchess.com"]
[Source "ChessBase"]
[SourceQuality "1"]

1. e4 e5 2. Nf3 Nf6 3. d4 Nxe4 4. Bd3 d5 5. Nxe5 Nd7 6. Nc3 Nxe5 7. dxe5 Bb4 8. O-O Nxc3 9. bxc3 Bxc3 10. Rb1 Qh4 11. Ba3 Bg4 12. Bb5+ c6 13. Qxd5 cxb5 14. Qxb7 Rc8 15. e6 Bxe6 16. Qxb5+ Bd7 17. Qe2+ Kd8 18. Rfd1 Re8 19. Qa6 Qg4 20. h3 Qg6 21. Rxd7+ Kxd7 22. Rd1+ Kc7 23. Bd6+ Kd8 24. Bc5+ Kc7 25. Qxa7+ 1-0

[Event "European Women-ch 2023"]
[Site "Petrovac"]
[Date "2023.03.18"]
[Round "1.24"]
[White "Pirvulescu, Ekaterina"]
[Black "Mkrtchyan, Mariam"]
[Result "0-1"]
[WhiteElo "2032"]
[BlackElo "2343"]
[Annotator "TA"]
[PlyCount "88"]
[EventDate "2023.03.15"]
[EventType "swiss"]
[EventCountry "MNE"]
[SourceTitle "playchess.com"]
[Source "ChessBase"]
[SourceQuality "1"]

1. e4 e5 2. Nf3 Nc6 3. Bb5 a6 4. Ba4 Nf6 5. O-O b5 6. Bb3 Bc5 7. c3 d6 8. d4 Bb6 9. a4 Bb7 10. Re1 O-O 11. Bg5 h6 12. Bh4 exd4 13. cxd4 g5 14. Bg3 Re8 15. Qd3 Na5 16. e5 Nxb3 17. Qxb3 Bxf3 18. Qxf3 Bxd4 19. axb5 Bxb2 20. Rxa6 Rxa6 21. bxa6 dxe5 22. Rd1 Bd4 23. Nc3 Kg7 24. Nb5 Qd7 25. a7 Qxb5 26. a8=Q Rxa8 27. Qxa8 Qe2 28. Qf3 Qxf3 29. gxf3 c5 30. Rc1 Nd7 31. h4 Kf6 32. Kg2 Ke6 33. hxg5 hxg5 34. Bh2 Nb6 35. f4 gxf4 36. f3 c4 37. Bg1 Kd5 38. Bxd4 exd4 39. Kf2 c3 40. Ke2 Kc4 41. Rh1 d3+ 42. Kd1 Nd5 43. Kc1 d2+ 44. Kd1 Kd3 0-1

[Event "European Women-ch 2023"]
[Site "Petrovac"]
[Date "2023.03.18"]
[Round "1.25"]
[White "Velikic, Adela"]
[Black "Tsotsonava, Elene"]
[Result "1-0"]
[WhiteElo "2329"]
[BlackElo "2030"]
[Annotator "TA"]
[PlyCount "71"]
[EventDate "2023.03.15"]
[EventType "swiss"]
[EventCountry "MNE"]
[SourceTitle "playchess.com"]
[Source "ChessBase"]
[SourceQuality "1"]

1. d4 Nf6 2. c4 e6 3. Nc3 Bb4 4. Qc2 O-O 5. e4 d5 6. e5 Ne4 7. Bd3 c5 8. Nf3 cxd4 9. Nxd4 Nd7 10. Bf4 Ndc5 11. O-O Bxc3 12. bxc3 b6 13. Be2 f5 14. f3 Ng5 15. Nc6 Qc7 16. Nb4 Nf7 17. cxd5 g5 18. d6 Qd7 19. Be3 f4 20. Bd4 a5 21. Nd3 Ba6 22. Nf2 Bb7 23. Rab1 Qa4 24. Qxa4 Nxa4 25. Bb5 Nc5 26. Nd3 Ba6 27. Bxc5 bxc5 28. Bxa6 Rxa6 29. c4 Rc6 30. Rb5 Ra8 31. Re1 a4 32. Rxc5 Rac8 33. Rxc6 Rxc6 34. c5 Kg7 35. Re4 Ra6 36. Rc4 1-0

[Event "European Women-ch 2023"]
[Site "Petrovac"]
[Date "2023.03.18"]
[Round "1.26"]
[White "Maione, Melissa"]
[Black "Zhukova, Natalia"]
[Result "0-1"]
[WhiteElo "2028"]
[BlackElo "2322"]
[Annotator "TA"]
[PlyCount "124"]
[EventDate "2023.03.15"]
[EventType "swiss"]
[EventCountry "MNE"]
[SourceTitle "playchess.com"]
[Source "ChessBase"]
[SourceQuality "1"]

1. e4 e5 2. Nf3 Nc6 3. Bb5 a6 4. Ba4 Nf6 5. O-O b5 6. Bb3 Bc5 7. a4 Rb8 8. c3 d6 9. d4 Bb6 10. axb5 axb5 11. Qd3 O-O 12. Bg5 h6 13. Bh4 g5 14. Bg3 Qe7 15. Na3 Bg4 16. d5 Na5 17. Bd1 Bd7 18. h4 Nh5 19. Nd2 Nf4 20. Bxf4 gxf4 21. b4 Nc4 22. Naxc4 bxc4 23. Qf3 Qxh4 24. Nxc4 Kh8 25. Nxb6 Rxb6 26. Qh5 Qxh5 27. Bxh5 Rb7 28. Ra5 Kg7 29. Rfa1 Bb5 30. Ra7 Rfb8 31. Bd1 Kf6 32. Bg4 Ke7 33. R7a5 Rg8 34. f3 Bd7 35. Bxd7 Kxd7 36. Kf2 Rbb8 37. b5 Rg6 38. c4 Rbg8 39. Rg1 Kc8 40. Ra8+ Kb7 41. Ra2 h5 42. Kf1 Kb6 43. Ra6+ Kc5 44. Rc6+ Kd4 45. Rxc7 Ra8 46. Rc6 Ra1+ 47. Kf2 Ra2+ 48. Kf1 Rb2 49. Ra6 Rb1+ 50. Kf2 Rb2+ 51. Kf1 Kxc4 52. b6 h4 53. Ra7 Rxb6 54. Ra4+ Kc3 55. Ra3+ Kc4 56. Ra4+ Kc3 57. Ra3+ Kb2 58. Ra7 Rb3 59. Rxf7 h3 60. Rh7 Rg3 61. Rh6 Rc3 62. Rxd6 h2 0-1

[Event "European Women-ch 2023"]
[Site "Petrovac"]
[Date "2023.03.18"]
[Round "1.27"]
[White "Klek, Hanna Marie"]
[Black "Donghvani, Nia"]
[Result "1-0"]
[WhiteElo "2314"]
[BlackElo "2025"]
[Annotator "TA"]
[PlyCount "85"]
[EventDate "2023.03.15"]
[EventType "swiss"]
[EventCountry "MNE"]
[SourceTitle "playchess.com"]
[Source "ChessBase"]
[SourceQuality "1"]

1. e4 c5 2. Nf3 Nc6 3. d4 cxd4 4. Nxd4 Nf6 5. Nc3 e5 6. Ndb5 d6 7. Bg5 a6 8. Na3 b5 9. Nd5 Be7 10. Bxf6 Bxf6 11. c3 Rb8 12. Nc2 Bg5 13. a4 bxa4 14. Ncb4 Nxb4 15. cxb4 O-O 16. Rxa4 a5 17. h4 Bh6 18. b5 Bd7 19. Nc3 d5 20. exd5 f5 21. Be2 Kh8 22. g3 Be8 23. Kf1 Rb6 24. Rxa5 f4 25. g4 e4 26. Nxe4 f3 27. Bxf3 Bxb5+ 28. Kg2 Bf4 29. Qd4 Qb8 30. Ra8 Qxa8 31. Qxb6 Bd3 32. Nc5 Bc4 33. Qc6 Qxc6 34. dxc6 Bd6 35. Ne4 Be5 36. Nd2 Bb5 37. Rb1 Bd3 38. Rd1 Bxb2 39. Nb3 Bc4 40. Nc5 h5 41. c7 hxg4 42. Rd8 gxf3+ 43. Kg1 1-0

[Event "European Women-ch 2023"]
[Site "Petrovac"]
[Date "2023.03.18"]
[Round "1.28"]
[White "Ismayil, Malak"]
[Black "Garcia Martin, Marta"]
[Result "0-1"]
[WhiteElo "2011"]
[BlackElo "2306"]
[Annotator "TA"]
[PlyCount "98"]
[EventDate "2023.03.15"]
[EventType "swiss"]
[EventCountry "MNE"]
[SourceTitle "playchess.com"]
[Source "ChessBase"]
[SourceQuality "1"]

1. e4 c5 2. Nf3 d6 3. Bb5+ Bd7 4. Bxd7+ Nxd7 5. O-O Ngf6 6. Re1 e6 7. d4 cxd4 8. Nxd4 Be7 9. c4 O-O 10. b3 a6 11. Nc3 Rc8 12. a4 Qa5 13. Qd2 Qb6 14. a5 Qc7 15. Ba3 Nc5 16. h3 Rfd8 17. Qe3 Bf8 18. Bxc5 dxc5 19. Nf3 Nd7 20. e5 Nb8 21. Ne4 Nc6 22. Qc3 h6 23. Re3 Rd7 24. Ng3 Rcd8 25. Kh2 Nb4 26. Ne2 Rd1 27. Nc1 g6 28. Re1 Bg7 29. Ne2 R1d3 30. Qc1 Rxf3 31. gxf3 Bxe5+ 32. Kg2 Bxa1 33. Qxa1 Nc2 34. Qc3 Nxe1+ 35. Qxe1 Qe5 36. Qf1 h5 37. Ng3 Qg5 38. Kh2 Qf4 39. Kg2 f5 40. Qe2 Kf7 41. Nf1 Qd4 42. Qa2 g5 43. Qe2 g4 44. hxg4 hxg4 45. Ng3 Qd3 46. Qe5 Qxf3+ 47. Kg1 Rd1+ 48. Nf1 Qd3 49. Qc7+ Kg6 0-1

[Event "European Women-ch 2023"]
[Site "Petrovac"]
[Date "2023.03.19"]
[Round "2.1"]
[White "Zawadzka, Jolanta"]
[Black "Tsotsonava, Elene"]
[Result "1-0"]
[WhiteElo "2391"]
[BlackElo "2030"]
[Annotator "TA"]
[PlyCount "91"]
[EventDate "2023.03.15"]
[EventType "swiss"]
[EventCountry "MNE"]
[SourceTitle "playchess.com"]
[Source "ChessBase"]
[SourceQuality "1"]

1. e4 c5 2. Nf3 e6 3. d4 cxd4 4. Nxd4 Nc6 5. Nc3 Qc7 6. Be2 a6 7. Nxc6 bxc6 8. Qd3 Nf6 9. Qg3 Qxg3 10. hxg3 d5 11. g4 Nxe4 12. Nxe4 dxe4 13. g5 Rb8 14. b3 Bb4+ 15. Bd2 e3 16. fxe3 Be7 17. e4 O-O 18. O-O-O Rd8 19. Bd3 Bb7 20. Rh3 Ba3+ 21. Kb1 c5 22. Ba5 Rdc8 23. c4 Bb4 24. Bxb4 cxb4 25. Rdh1 h6 26. gxh6 g6 27. Bc2 a5 28. Rd1 Bc6 29. g4 a4 30. e5 Ra8 31. Rd6 Ra5 32. Re3 Rc5 33. Kc1 a3 34. Kd2 Kf8 35. Be4 Be8 36. Bg2 Bb5 37. Rb6 Bxc4 38. bxc4 Rxc4 39. Be4 Kg8 40. Ke2 R8c5 41. Kf3 Rc1 42. Rxb4 Rf1+ 43. Kg3 Rg1+ 44. Kf4 Rf1+ 45. Bf3 Kh7 46. g5 1-0